LEADER 01082nam a2200253 4500 001 000000337741 003 CaOOAMICUS 005 20191105000000.0 008 191105s1998 it 000 u ita r 020 $a88-384-3134-5 040 $aSeMil$bita 100 1 $aMarinina, Aleksandra Borisovna.$0(OLS)http://semarc/name/110458 240 10$aIgra na chuzhom pole.$0(OLS)http://semarc/title/426697 245 13$aIl padrone della cittą /$cAlexandra Marinina ; traduzione di Margherita Crepax. 264 1$aCasale Monferrato (AL) :$bPiemme,$c1998. 300 $a309 p. ;$c23 cm 500 $aIn cop.: Anastasija Kamenskaja, polizia di Mosca 700 1 $aCrepax, Margherita,$etraduttore.$0(OLS)http://semarc/name/110462 850 $aSeMil 852 $aSeMil$W1$xVenegono$y1$m1V IV 308$j218965$B230800$CSeMilBibl$Z2$F230800 $81 996 $6020$a88-384-3134-5$9(OLS)http://semarc/number/289131 996 $6245$aIl padrone della cittą$9(OLS)http://semarc/title/426698 996 $6264$aCasale Monferrato (AL) :$bPiemme$9(OLS)http://semarc/publisher/30052 LEADER 01070nam a2200229 i 4500 001 000000209287 003 CaOOAMICUS 005 20251014125214.0 008 111213s1924 it u000 u ita u 040 $aSeMil$bita 100 1 $aTittoni, Tommaso,$d<1855-1931>.$0(OLS)http://semarc/name/75007 245 10$aDurante la Presidenza del Senato :$bdiscorsi e scritti /$cTommaso Tittoni ; con prefazione del senatore Salvatore Barzilai. 264 1$aMilano :$bUnitas,$cstampa 1924. 300 $aXIV, 537 p. ;$c20 cm. 650 4$aPolitica - Italia - Storia.$0(OLS)http://semarc/subject/38345 650 4$aTittoni, Tommaso <1855-1931> - Discorsi.$0(OLS)http://semarc/subject/39334 700 1 $aBarzilai, Salvatore,$d<1860-1939>.$0(OLS)http://semarc/name/75008 850 $aSeMil 852 $aSeMil$W1$xVenegono$y1$m3U I 706$j263186$B159738$CSeMilBibl$Z2$F170787 $8M 996 $6245$aDurante la Presidenza del Senato :$bdiscorsi e scritti$9(OLS)http://semarc/title/302539 996 $6264$aMilano :$bUnitas$9(OLS)http://semarc/publisher/33875